Państwa Ameryki bez podpowiedzi - Statystyki

Ogólne statystyki
  • Ten quiz został rozwiązany 162 razy
  • Średni wynik to 30 z 35
Statystyki odpowiedzi
Państwa % Poprawnych
Stany Zjednoczone
99%
Kanada
95%
Meksyk
92%
Dominika
91%
Panama
91%
Brazylia
90%
Chile
90%
Dominikana
90%
Jamajka
90%
Argentyna
89%
Haiti
88%
Urugwaj
88%
Kuba
87%
Paragwaj
87%
Peru
87%
Boliwia
86%
Honduras
86%
Wenezuela
86%
Gujana
85%
Bahamy
84%
Kolumbia
84%
Barbados
83%
Gwatemala
83%
Kostaryka
83%
Surinam
83%
Ekwador
82%
Salwador
82%
Belize
81%
Trynidad i Tobago
81%
Antigua i Barbuda
79%
Nikaragua
79%
Saint Kitts i Nevis
79%
Saint Lucia
79%
Saint Vincent i Grenadyny
79%
Grenada
76%
Nie znaleziono quizów pasujących do podanych kryteriów
Rozkład punktacji
Procent ludzi z każdym wynikiem
Percentyl według liczby udzielonych odpowiedzi
Twoja historia wyników
Nie rozwiązałeś tego quizu